The Weeknd: After Hours Trivia - Statistics

General Stats
  • This quiz has been taken 71 times
  • The average score is 8 of 10
Answer Stats
Hint Answer % Correct
"Save your ___ for another day" Tears
100%
Most streamed song on album Blinding Lights
95%
"But I've been the hardest to ___" Love
94%
First song on album Alone Again
84%
One of the bonus tracks on the deluxe version Final Lullaby/Missed You/Nothing Compares
83%
"I'm losing my ___ every day" Religion
78%
Final song on base album Until I Bleed Out
78%
"Why? Cuz I'm ___" Heartless
73%
Interlude on the album Repeat After Me
73%
Number of tracks on base album Fourteen
71%
No matching quizzes found
Score Distribution
Percent of People with Each Score
Percentile by Number Answered
Your Score History
You have not taken this quiz